000 03380ngm a22006854i 4500
001 be2020009531
005 20210419134752.0
007 vd cvaizq
008 200416s2020 cau098 g vceng d
010 _abe2020009531
024 1 _a032429337566
024 7 _a00032429337566
_2gtin-14
028 4 2 _a59211264000
_bParamount
035 _a(NjBwBT)6004787276
040 _aNjBwBT
_beng
_erda
_cNjBwBT
041 1 _aeng
_afre
_apor
_aspa
_heng
046 _k2020
050 1 4 _aPN1997.2
_b.S66 2020b
082 0 4 _a791.43/72
_223
092 _asonic the hedgehog
130 0 _aSonic the Hedgehog (Motion picture)
_96359554
245 1 0 _aSonic the Hedgehog
_h[blu-ray] /
_cproduced by Toby Ascher, Takeshi Ito, Neal H. Moritz, Toru Nakahara ; written by Pat Casey, Josh Miller ; directed by Jeff Fowler.
257 _aUnited States
_aJapan
264 1 _aHollywood, California :
_bParamount,
_c[2020]
300 _a1 videodisc (98 min.) : blu-ray
_bsound, color ;
_c4 3/4 in.
336 _atwo-dimensional moving image
337 _avideo
338 _avideodisc
500 _aOriginally released as a motion picture in 2020.
500 _aDolby 5.1, anamorphic wide screen 2.39:1.
500 _aFeatures: deleted scenes and bloopers, Sonic's next adventure!, Building Robotnik with Jim Carrey, and more.
511 1 _aBen Schwartz (voice), James Marsden, Jim Carrey, Tika Sumpter, Natasha Rothwell.
520 _aWhen a small-town sheriff discovers Sonic, a talking hedgehog with amazing abilities, he sets out to save him from the evil Dr. Robotnik.
521 8 _aMPAA rating: PG.
540 _aFor private home use only.
546 _aIn English, French, Portuguese, or Spanish with optional English, French, Portuguese, or Spanish subtitles.
546 _aClosed-captioned.
546 _aVisually described for the blind and visually impaired.
600 0 0 _aSonic the Hedgehog
_c(Fictitious character)
_vDrama.
_96359555
650 0 _aSheriffs
_vDrama.
_95717474
650 0 _aGood and evil
_vDrama.
_95674286
655 7 _aAction and adventure films.
_2lcgft.
_96359575
655 7 _aComedy films.
_2lcgft.
_96359576
655 7 _aLive action/animation films.
_2lcgft.
_95924590
655 7 _aAnimated films.
_2lcgft.
_96359577
655 7 _aFeature films.
_2lcgft.
_96359578
655 7 _aFiction films.
_2lcgft.
_96359579
655 7 _aVideo recordings for the hearing impaired.
_2lcgft.
_96359580
655 7 _aVideo recordings for people with visual disabilities.
_2lcgft.
_95676923
700 1 _aFowler, Jeff,
_d1978-
_edirector.
_96359562
700 1 _aSchwartz, Ben,
_d1981-
_evoice actor.
_96012950
700 1 _aMarsden, James,
_d1973-
_eactor.
_965636
700 1 _aCarrey, Jim,
_d1962-
_eactor.
_942207
730 0 2 _aSonic the Hedgehog (Motion picture).
_h[Two-dimensional moving image.]
_lFrench.
_96359563
730 0 2 _aSonic the Hedgehog (Motion picture).
_h[Two-dimensional moving image.]
_lPortuguese.
_96359564
730 0 2 _aSonic the Hedgehog (Motion picture).
_h[Two-dimensional moving image.]
_lSpanish.
_96359565
775 0 8 _iReproduction of (manifestation):
_sSonic the Hedgehog (Motion picture)
_tSonic the Hedgehog
_dHollywood, California : Paramount, [2020]
_h2 videodiscs (98 min.) : sound, color ; 4 3/4 in.
_o032429337559.
907 _a.b430273563
942 _2ddc
_cBLU-RAYNEW
999 _c350384
_d350384